Believing God for his best : (Record no. 20962)
[ view plain ]
| 000 -LEADER | |
|---|---|
| fixed length control field | 01597cam a22002894a 4500 |
| 001 - CONTROL NUMBER | |
| control field | 13523474 |
| 003 - CONTROL NUMBER IDENTIFIER | |
| control field | OSt |
| 005 - DATE AND TIME OF LATEST TRANSACTION | |
| control field | 20250320102356.0 |
| 008 - FIXED-LENGTH DATA ELEMENTS--GENERAL INFORMATION | |
| fixed length control field | 040315s2004 ilu b 000 0 eng |
| 010 ## - LIBRARY OF CONGRESS CONTROL NUMBER | |
| LC control number | 2004006194 |
| 020 ## - INTERNATIONAL STANDARD BOOK NUMBER | |
| International Standard Book Number | 9789966805256 |
| 040 ## - CATALOGING SOURCE | |
| Original cataloging agency | DLC |
| Transcribing agency | Kenya Military Academy |
| Modifying agency | DLC |
| 042 ## - AUTHENTICATION CODE | |
| Authentication code | pcc |
| 050 00 - LIBRARY OF CONGRESS CALL NUMBER | |
| Classification number | BV4596.S5 |
| Item number | T48 2004 |
| 082 00 - DEWEY DECIMAL CLASSIFICATION NUMBER | |
| Classification number | 248.8/4 |
| Edition number | 22 |
| 100 1# - MAIN ENTRY--PERSONAL NAME | |
| Personal name | Thrasher, Bill, |
| Dates associated with a name | 1952- |
| 245 10 - TITLE STATEMENT | |
| Title | Believing God for his best : |
| Remainder of title | how to marry contentment and singleness / |
| Statement of responsibility, etc. | Bill Thrasher. |
| 260 ## - PUBLICATION, DISTRIBUTION, ETC. | |
| Place of publication, distribution, etc. | Nairobi : |
| Name of publisher, distributor, etc. | WordAlive |
| Date of publication, distribution, etc. | c2004. |
| 300 ## - PHYSICAL DESCRIPTION | |
| Extent | 153 p. ; |
| Dimensions | 20 cm. |
| 505 0# - FORMATTED CONTENTS NOTE | |
| Formatted contents note | Seeing singleness from God's point of view -- Waiting on God for a mate -- Finding God's provision on the other side of a temptation -- Repenting of idolatry after experiencing love at first sight -- Rebirth of the vision : purify my heart amidst closed doors -- Experiencing God's providence and delayed answers to prayers -- Learning from the other side of the story -- Developing a conviction before God -- Discovering the secret of contentment -- Making an important commitment -- Pondering a new direction -- Handling your passions -- Discerning God's will -- The secret of waiting. |
| 600 10 - SUBJECT ADDED ENTRY--PERSONAL NAME | |
| Personal name | Thrasher, Bill, |
| 650 #0 - SUBJECT ADDED ENTRY--TOPICAL TERM | |
| Topical term or geographic name entry element | Single people |
| General subdivision | Religious life. |
| 856 42 - ELECTRONIC LOCATION AND ACCESS | |
| Materials specified | Publisher description |
| Uniform Resource Identifier | <a href="http://www.loc.gov/catdir/enhancements/fy0616/2004006194-d.html">http://www.loc.gov/catdir/enhancements/fy0616/2004006194-d.html</a> |
| 906 ## - LOCAL DATA ELEMENT F, LDF (RLIN) | |
| a | 7 |
| b | cbc |
| c | orignew |
| d | 1 |
| e | ecip |
| f | 20 |
| g | y-gencatlg |
| 942 ## - ADDED ENTRY ELEMENTS (KOHA) | |
| Source of classification or shelving scheme | Library of Congress Classification |
| Koha item type | Normal Collection |
| Suppress in OPAC | No |
| Withdrawn status | Lost status | Source of classification or shelving scheme | Damaged status | Not for loan | Home library | Current library | Date acquired | Total Checkouts | Full call number | Barcode | Date last seen | Price effective from | Koha item type |
|---|---|---|---|---|---|---|---|---|---|---|---|---|---|
| Library of Congress Classification | Kenya Military Academy | Kenya Military Academy | 20/03/2025 | BV4596.S5 T48 2004 | KMA009963 | 20/03/2025 | 20/03/2025 | Normal Collection |